Metodologické a praktické aspekty využití ukazatelů národního důchodu expertiza

Gespeichert in:
Bibliographische Detailangaben
Format: Buch
Sprache:Tschechisch
Veröffentlicht: Praha Ústřední ústav národohospodářského výzkumu 1984
Schriftenreihe:Zvláštní ediční řada č. 5
Tags: Tag hinzufügen
Keine Tags, Fügen Sie das erste Tag hinzu!

MARC

LEADER 00000nam a2200000 4500
001 c114218
005 20041019155157.9
041 0 |a cze 
044 |a CZ 
245 1 0 |a Metodologické a praktické aspekty využití ukazatelů národního důchodu  |b expertiza 
264 1 |a Praha  |b Ústřední ústav národohospodářského výzkumu  |c 1984 
300 |a 78 s. 
490 1 |a Zvláštní ediční řada  |v č. 5 
830 0 |a Zvláštní ediční řada  |v č. 5